00961nab a22002057a 4500003000400000005001700004008004100021040000700062100001800069245014600087300001300233500003800246505019300284505007200477650002300549650002900572650002900601700002300630773010200653OSt20260128020823.0190514b xxu||||| |||| 00| 0 spa d cPJ aFlah, Lily R.13aEl Civil y Comercial de la Nación, las directivas anticipadas y su interacción con la jurisprudencia /cLily R. Flah, Rosana I. Aguilar.  ap. 76-86 aCita: TR LALEY AR/DOC/2505/2025.  aSumario: I. Introducción.— II. El derecho a la autodeterminación como derivación del principio de dignidad humana.— III. Las directivas anticipadas en la legislación nacional.  tSi te interesa el texto, comunicate a koha@justierradelfuego.gov.ar 0aDERECHO DE FAMILIA 0aCODIGO CIVIL Y COMERCIAL 0aJURISPRUDENCIA APLICABLE aAguilar, Rosana I.0 02844dBuenos Aires : AbeledoPerrot, 1989-tDerecho de familia. N° 122 - Noviembre 2025z18511201